বিশ্বপ্রভুর বাণীর তাৎপর্য / (Record no. 39976)
[ view plain ]
| 000 -LEADER | |
|---|---|
| fixed length control field | 00918nam a2200241 a 4500 |
| 001 - CONTROL NUMBER | |
| control field | 39976 |
| 003 - CONTROL NUMBER IDENTIFIER | |
| rucl marc code | BD-RjUL |
| 005 - DATE AND TIME OF LATEST TRANSACTION | |
| control field | 20211209053117.0 |
| 008 - FIXED-LENGTH DATA ELEMENTS--GENERAL INFORMATION | |
| fixed length control field | 160420s1974 bg |||| |||| 00| 0 ben d |
| 020 ## - INTERNATIONAL STANDARD BOOK NUMBER | |
| Terms of availability | : Tk.35.00 (Revised Price) |
| 035 ## - SYSTEM CONTROL NUMBER | |
| System control number | (BD-RjUL)40090 |
| 040 ## - CATALOGING SOURCE | |
| Original cataloging agency | BD-RjUL |
| Language of cataloging | ben |
| Transcribing agency | BD-RjUL |
| 041 ## - LANGUAGE CODE | |
| Language code of text/sound track or separate title | ben |
| 082 ## - DEWEY DECIMAL CLASSIFICATION NUMBER | |
| Edition number | 23 |
| Classification number | 297.1227 |
| Author mark and year | RAB 1974 |
| 100 1# - MAIN ENTRY--PERSONAL NAME | |
| Personal name | রহমান, মোহাম্মদ গাজিউর |
| 9 (RLIN) | 123128 |
| 245 10 - TITLE STATEMENT | |
| Title | বিশ্বপ্রভুর বাণীর তাৎপর্য / |
| Statement of responsibility, etc. | মোহাম্মদ গাজিউর রহমান |
| 250 ## - EDITION STATEMENT | |
| Edition statement | ১ম সং |
| 260 ## - PUBLICATION, DISTRIBUTION, ETC. (IMPRINT) | |
| Place of publication, distribution, etc. | পাবনা: |
| Name of publisher, distributor, etc. | বেগম জোহরা রহমান, |
| Date of publication, distribution, etc. | ১৯৭৪ |
| 300 ## - PHYSICAL DESCRIPTION | |
| Pagination | [১০], ২২০, [৩] পৃ. ; |
| Size | ২৩ সেমি. |
| 650 ## - SUBJECT ADDED ENTRY--TOPICAL TERM | |
| Topical term or geographic name as entry element | কুরআন |
| General subdivision | তাৎপর্য |
| 9 (RLIN) | 237570 |
| Topical term or geographic name as entry element | The Quran |
| General subdivision | Commentaries |
| 9 (RLIN) | 237571 |
| 942 ## - ADDED ENTRY ELEMENTS (KOHA) | |
| Source of classification or shelving scheme | Dewey Decimal Classification |
| Koha item type | Books |
| Lost status | Source of classification or shelving scheme | Damaged status | Not for loan | Collection code | Permanent Location | Current Location | Shelving location | Date acquired | Source of acquisition | Cost, normal purchase price | Total Checkouts | Full call number | Date last seen | Copy number | Koha item type |
|---|---|---|---|---|---|---|---|---|---|---|---|---|---|---|---|
| Dewey Decimal Classification | Non-fiction | Central Library, University of Rajshahi | Central Library, University of Rajshahi | 29/03/1990 | Laila Arjumand Banu, Asso, Prof, Dept. of Physics, RU | 35.00 | B 297.1227 RAB 1974 | 20/04/2016 | C-2 | Books | |||||
| Dewey Decimal Classification | Non-fiction | Central Library, University of Rajshahi | Central Library, University of Rajshahi | 29/03/1990 | Laila Arjumand Banu, Asso, Prof, Dept. of Physics, RU | 35.00 | B 297.1227 RAB 1974 | 03/05/2016 | C-3 | Books | |||||
| Dewey Decimal Classification | Non-fiction | Central Library, University of Rajshahi | Central Library, University of Rajshahi | 20/02/1990 | The Author | 35.00 | B 297.1227 RAB 1974 | 08/05/2016 | C-4 | Books | |||||
| Dewey Decimal Classification | Not For Loan | Non-fiction | Central Library, University of Rajshahi | Central Library, University of Rajshahi | Reading Room | 13/04/1979 | Rajshahi, Eureka Book Agency | 10.50 | B 297.1227 RAB 1974 | 14/01/2020 | C-1 | Books | |||
| Dewey Decimal Classification | Non-fiction | Central Library, University of Rajshahi | Central Library, University of Rajshahi | General Stacks | 29/03/1990 | Laila Arjumand Banu, Asso, Prof, Dept. of Physics, RU | 35.00 | B 297.1227 RAB 1974 | 27/01/2025 | C-5 | Books |